[Event "29.Schlosspark-Open"]
[Site "Wiesbaden-Biebrich"]
[Date "2017.08.27"]
[Round "6.29"]
[White "Köllner, Aaron Noah"]
[Black "Held, Carsten"]
[Result "0-1"]
[WhiteElo "1894"]
[BlackElo "2063"]
[PlyCount "132"]
[EventDate "2017.??.??"]
[WhiteTeam "SV Bergneustadt/Derschlag"]
[BlackTeam "SC Ladja Roßdorf"]

1. d4 Nf6 2. Bg5 Ne4 3. Bf4 c5 4. f3 Qa5+ 5. c3 Nf6 6. d5 Qb6 7. Bc1 e6 8. e4
exd5 9. exd5 Bd6 10. Na3 O-O 11. Nc4 Re8+ 12. Kf2 Qc7 13. a4 h6 14. Nxd6 Qxd6
15. c4 Na6 16. Bd3 Nb4 17. Bb1 a6 18. a5 b5 19. axb6 Qxb6 20. Ne2 d6 21. Nc3
Bd7 22. h4 h5 23. Rg1 Nh7 24. Ne4 f5 25. Ng3 g6 26. Bd2 Qd8 27. Rh1 Qe7 28. Ne2
Qe5 29. Bc1 Re7 30. g3 Rae8 31. Nf4 Kf7 32. Ra3 Qf6 33. Qd2 Qg7 34. b3 Re3 35.
Bb2 Nf6 36. Ba1 Qh6 37. Rd1 Qf8 38. Bc3 Qe7 39. Ne6 Rxc3 40. Qxc3 Bxe6 41.
dxe6+ Qxe6 42. Re1 Qd7 43. Rxe8 Qxe8 44. Ra1 Nd7 45. Bd3 Ne5 46. Bf1 Nec6 47.
Rd1 Qb8 48. Qe3 Nd4 49. g4 hxg4 50. fxg4 Qh8 51. Kg3 Qe5+ 52. Qxe5 dxe5 53.
gxf5 gxf5 54. Bh3 Kf6 55. Kf2 Nbc2 56. Rg1 e4 57. Bf1 f4 58. h5 e3+ 59. Kg2 f3+
60. Kh2 e2 61. Bxe2 fxe2 62. Kg3 e1=Q+ 63. Rxe1 Nxe1 64. b4 cxb4 65. Kf2 b3 66.
Kxe1 b2 0-1

[Event "29.Schlosspark-Open"]
[Site "Wiesbaden-Biebrich"]
[Date "2017.08.27"]
[Round "6.30"]
[White "Seickel, Ralf"]
[Black "Hoffmann, Jens"]
[Result "1/2-1/2"]
[WhiteElo "2047"]
[BlackElo "1869"]
[PlyCount "76"]
[EventDate "2017.??.??"]
[WhiteTeam "vereinslos"]
[BlackTeam "SF HN-Biberach"]

1. c4 g6 2. g3 Bg7 3. Bg2 Nf6 4. Nc3 O-O 5. d4 c6 6. e4 d6 7. Nge2 e5 8. O-O
exd4 9. Nxd4 Nbd7 10. h3 Re8 11. Re1 Nc5 12. b4 Ne6 13. Nc2 Nxe4 14. Nxe4 d5
15. cxd5 cxd5 16. Nd2 Bxa1 17. Nxa1 Ng5 18. Kh2 Rxe1 19. Qxe1 Qf6 20. Nab3 Bf5
21. h4 Ne4 22. Nxe4 Bxe4 23. Nc5 Bxg2 24. Kxg2 b6 25. Nd3 Rc8 26. Bb2 Qf5 27.
Qd2 Qe4+ 28. Kh2 Qc4 29. Be5 Rc6 30. Bb2 Qc2 31. Qe3 Re6 32. Qd4 f6 33. Nf4 Rd6
34. Nxd5 Kg7 35. Qe3 Qxb2 36. Qe7+ Kg8 37. Qe8+ Kg7 38. Qe7+ Kg8 1/2-1/2

[Event "29.Schlosspark-Open"]
[Site "Wiesbaden-Biebrich"]
[Date "2017.08.27"]
[Round "6.32"]
[White "Waffenschmidt, Joachim"]
[Black "Schlitzer, Felix"]
[Result "1-0"]
[WhiteElo "2015"]
[BlackElo "1837"]
[PlyCount "75"]
[EventDate "2017.??.??"]
[WhiteTeam "SC Brett vorm Kopp"]
[BlackTeam "TuS Dotzheim"]

1. d4 d5 2. c4 c6 3. g3 Nf6 4. Nf3 Nbd7 5. Bg2 dxc4 6. a4 a5 7. Na3 Nb6 8. Ne5
g6 9. Naxc4 Nxc4 10. Nxc4 Bg7 11. O-O O-O 12. e4 Be6 13. b3 Ne8 14. Be3 Nd6 15.
Rc1 Ra6 16. Qd2 f5 17. e5 Ne4 18. Qc2 b5 19. Nb2 b4 20. Bxe4 fxe4 21. Qxe4 Bd5
22. Qd3 Qc8 23. f4 Ra8 24. Nc4 Qh3 25. Rf2 Be6 26. Nb6 Bf5 27. Qc4+ Be6 28.
Qxc6 Rac8 29. Nxc8 Rxc8 30. Qg2 Rxc1+ 31. Bxc1 Qxg2+ 32. Rxg2 Bxb3 33. Rd2 e6
34. Rb2 Bd1 35. Kf2 b3 36. Ke1 Bc2 37. Rxc2 bxc2 38. Kd2 1-0

[Event "29.Schlosspark-Open"]
[Site "Wiesbaden-Biebrich"]
[Date "2017.08.27"]
[Round "6.33"]
[White "Seidel, Jürgen"]
[Black "Viol, Julius"]
[Result "1/2-1/2"]
[WhiteElo "2004"]
[BlackElo "1589"]
[PlyCount "128"]
[EventDate "2017.??.??"]
[WhiteTeam "TuS Dotzheim"]
[BlackTeam "FC Bierstadt"]

1. Nf3 Nf6 2. c4 e6 3. e3 d5 4. d4 Be7 5. Bd3 dxc4 6. Bxc4 O-O 7. O-O c5 8. Nc3
cxd4 9. exd4 Nd5 10. Qd3 a6 11. Re1 Nc6 12. a3 Bf6 13. Ne4 Nb6 14. Nxf6+ Qxf6
15. Ba2 h6 16. Bb1 Rd8 17. Bd2 Kf8 18. Bc3 Nd5 19. Ba2 Nxc3 20. bxc3 Ne7 21.
Rad1 Ng6 22. c4 b6 23. d5 exd5 24. cxd5 Bb7 25. Rd2 Rd6 26. Red1 Rad8 27. Qe4
Qf4 28. Qc2 Rc8 29. Qb3 Ne5 30. Nxe5 Qxe5 31. h3 Rc5 32. Qf3 Rc3 33. Rd3 Rxd3
34. Qxd3 b5 35. Qd2 Qg5 36. Qd3 Qe5 37. Qd2 Qg5 38. Qb4 Qd8 39. a4 Qb6 40. axb5
axb5 41. Rc1 Kg8 42. Rc5 Ba6 43. Bb1 Qd8 44. Be4 g6 45. Bf3 Kh7 46. Qc3 Bb7 47.
Rc7 Rd7 48. Rc5 Rd6 49. Rc7 Rd7 50. d6 Ba6 51. Qe5 Bc8 52. Bc6 Rxc7 53. dxc7
Qg5 54. Qxg5 hxg5 55. Bxb5 Kg7 56. Kf1 Kf8 57. Ke2 Ke7 58. Ke3 Kd6 59. Bc4 f6
60. Bf7 Kxc7 61. Bxg6 Kd6 62. f4 gxf4+ 63. Kxf4 Bxh3 64. gxh3 Ke7 1/2-1/2

[Event "29.Schlosspark-Open"]
[Site "Wiesbaden-Biebrich"]
[Date "2017.08.27"]
[Round "6.34"]
[White "Hipler, Andreas"]
[Black "Speck, Stefan"]
[Result "0-1"]
[WhiteElo "1884"]
[BlackElo "2000"]
[PlyCount "56"]
[EventDate "2017.??.??"]
[WhiteTeam "SK Gau-Algesheim"]
[BlackTeam "SC Solingen 28"]

1. d4 d5 2. Nf3 Nf6 3. e3 g6 4. Be2 Bg7 5. O-O O-O 6. b3 b6 7. Bb2 Bb7 8. c4 e6
9. Nbd2 Nbd7 10. Rc1 c5 11. dxc5 Nxc5 12. Qc2 Rc8 13. Rfd1 Qe7 14. Qb1 Rfd8 15.
cxd5 Nxd5 16. Bxg7 Kxg7 17. Qb2+ Qf6 18. Qxf6+ Kxf6 19. Kf1 Ke7 20. Ke1 Nb4 21.
Rc4 Nbd3+ 22. Bxd3 Nxd3+ 23. Ke2 Ba6 24. Rxc8 Rxc8 25. Nc4 Nb2 26. Rc1 Nxc4 27.
bxc4 Rxc4 28. Rxc4 Bxc4+ 0-1

[Event "29.Schlosspark-Open"]
[Site "Wiesbaden-Biebrich"]
[Date "2017.08.27"]
[Round "6.35"]
[White "Diener, Carolin Valeria"]
[Black "Tremöhlen, Thomas"]
[Result "0-1"]
[WhiteElo "1774"]
[BlackElo "1986"]
[PlyCount "60"]
[EventDate "2017.??.??"]
[WhiteTeam "SK Bad Homburg"]
[BlackTeam "SG Kaarst"]

1. e4 c5 2. Nc3 e6 3. f4 a6 4. Nf3 Nc6 5. a4 d5 6. d3 Nf6 7. Be2 Be7 8. O-O d4
9. Nb1 O-O 10. Na3 Nd7 11. Nc4 Nb6 12. Nfd2 Nxc4 13. Nxc4 Na5 14. Ne5 f6 15.
Nf3 b5 16. Qe1 Bb7 17. f5 exf5 18. exf5 Bd6 19. Qh4 Re8 20. Bd1 Qc7 21. axb5
axb5 22. b4 cxb4 23. Nxd4 Qc3 24. Rb1 Bc5 25. Bb2 Qd2 26. Bf3 Bxf3 27. Rxf3
Qxc2 28. Rff1 Qxd3 29. Kh1 Re4 30. Rfd1 Qxb1 0-1

[Event "29.Schlosspark-Open"]
[Site "Wiesbaden-Biebrich"]
[Date "2017.08.27"]
[Round "6.36"]
[White "Egli, Urs"]
[Black "Bakiev, Diyor"]
[Result "1-0"]
[WhiteElo "1983"]
[BlackElo "1627"]
[PlyCount "101"]
[EventDate "2017.??.??"]
[WhiteTeam "Sihlfeld(Zürich)"]
[BlackTeam "SV Ffm-Griesheim"]

1. f4 d5 2. d3 Nf6 3. g3 Bf5 4. Bg2 Nc6 5. Nf3 e6 6. O-O Bd6 7. h3 h6 8. Nh4
Bh7 9. Nc3 Ne7 10. e4 d4 11. Ne2 Bc5 12. Qe1 O-O 13. Kh2 Nd7 14. g4 e5 15. f5
f6 16. Nf3 Nc6 17. a3 a5 18. h4 Be7 19. Qg3 b5 20. g5 hxg5 21. hxg5 fxg5 22.
Nxg5 Bxg5 23. Bxg5 Nf6 24. Qh4 Qe8 25. Rf3 Qh5 26. Bxf6 Qxh4+ 27. Bxh4 a4 28.
f6 gxf6 29. Bxf6 Rf7 30. Bh3 Re8 31. Rg1+ Kf8 32. Rg5 Bg8 33. Ng3 b4 34. Nh5
bxa3 35. bxa3 Bh7 36. Ng7 Rb8 37. Ne6+ Ke8 38. Ng7+ Kf8 39. Be6 Rb2 40. Bxf7
Kxf7 41. Bxe5+ Ke7 42. Bf6+ Kd7 43. Rd5+ Kc8 44. Bxd4 Nxd4 45. Rxd4 Rxc2+ 46.
Kg3 Rc1 47. Ne6 Rg1+ 48. Kf2 Rb1 49. Rf7 Rb2+ 50. Ke3 Rb7 51. Rf8# 1-0

[Event "29.Schlosspark-Open"]
[Site "Wiesbaden-Biebrich"]
[Date "2017.08.27"]
[Round "6.37"]
[White "Reinisch, Markus"]
[Black "Kolker, Vladislav"]
[Result "0-1"]
[WhiteElo "1727"]
[BlackElo "2044"]
[PlyCount "80"]
[EventDate "2017.??.??"]
[WhiteTeam "Wiesbadener SV"]
[BlackTeam "SC Bad Nauheim"]

1. Nf3 Nf6 2. c4 g6 3. g3 Bg7 4. Bg2 O-O 5. O-O d6 6. Nc3 Nc6 7. d4 a6 8. e4
Bg4 9. h3 Bxf3 10. Bxf3 e5 11. d5 Nd4 12. Bg2 Nd7 13. Ne2 c5 14. Be3 b5 15.
cxb5 axb5 16. f4 f5 17. fxe5 dxe5 18. Bxd4 exd4 19. exf5 c4 20. Nf4 Rxf5 21.
Ne6 Rxf1+ 22. Qxf1 Qf6 23. Nxg7 Qxf1+ 24. Bxf1 Kxg7 25. a4 Nc5 26. Re1 Rxa4 27.
Re7+ Kf6 28. Rc7 Ne4 29. Rb7 Rb4 30. Bg2 Nd6 31. Rd7 Nf7 32. d6 Rxb2 33. Bd5
Ne5 34. Re7 d3 35. Re6+ Kf5 36. Rxe5+ Kxe5 37. d7 d2 38. Bf3 Rb1+ 39. Bd1 Rxd1+
40. Kf2 Rf1+ 0-1

[Event "29.Schlosspark-Open"]
[Site "Wiesbaden-Biebrich"]
[Date "2017.08.27"]
[Round "6.38"]
[White "Hassemeier, Mika"]
[Black "Poghosyan, Tigran"]
[Result "0-1"]
[WhiteElo "1888"]
[BlackElo "2192"]
[PlyCount "66"]
[EventDate "2017.??.??"]
[WhiteTeam "FVS ASP Hoyerswerda"]
[BlackTeam "Lübecker SV"]

1. Nf3 Nf6 2. c4 c6 3. d4 g6 4. Nc3 Bg7 5. e4 d6 6. h3 O-O 7. Bg5 Nbd7 8. Qd2
Qa5 9. Be2 Re8 10. O-O e5 11. d5 Qc7 12. Rfd1 Bf8 13. Rac1 a5 14. b3 Be7 15.
Bd3 Nc5 16. Bb1 Rd8 17. Qb2 Nh5 18. Bxe7 Qxe7 19. a3 a4 20. b4 Nb3 21. Rc2 Qf6
22. Rd3 Nf4 23. Re3 cxd5 24. Nxd5 Nxd5 25. cxd5 Bd7 26. Rc7 b5 27. Ba2 Nd4 28.
Nxd4 exd4 29. Rd3 Rac8 30. Rxc8 Rxc8 31. Rxd4 Qf4 32. Rd1 Qxe4 33. Qf6 Qe2 0-1

[Event "29.Schlosspark-Open"]
[Site "Wiesbaden-Biebrich"]
[Date "2017.08.27"]
[Round "6.39"]
[White "Miosga, Stefan"]
[Black "Rolf, Marco"]
[Result "1-0"]
[WhiteElo "1824"]
[BlackElo "2082"]
[PlyCount "69"]
[EventDate "2017.??.??"]
[WhiteTeam "SP Plesse Bovenden"]
[BlackTeam "SK Gernsheim"]

1. e4 e6 2. d4 d5 3. Nd2 Nf6 4. e5 Nfd7 5. c3 c5 6. Bd3 Nc6 7. Ne2 cxd4 8. cxd4
Be7 9. Nf3 g5 10. Be3 b6 11. a3 Bb7 12. h3 Rc8 13. Rc1 h6 14. b4 a6 15. Bb1 b5
16. Ng3 a5 17. O-O axb4 18. axb4 Nb6 19. Nh2 Nc4 20. Qh5 Qb6 21. Ne2 Kd7 22.
Qxf7 Rcf8 23. Qg7 Rfg8 24. Qf7 Rf8 25. Qg7 Nd8 26. Bh7 Nf7 27. Ng4 Qd8 28. Nf6+
Bxf6 29. exf6 Ncd6 30. f4 Ne8 31. Qg6 Nxf6 32. fxg5 Nxg5 33. Bxg5 hxg5 34. Qg7+
Ke8 35. Bg6+ 1-0

[Event "29.Schlosspark-Open"]
[Site "Wiesbaden-Biebrich"]
[Date "2017.08.27"]
[Round "6.40"]
[White "Do, Nam"]
[Black "Tufa, Mihai"]
[Result "1-0"]
[WhiteElo "1862"]
[BlackElo "1998"]
[PlyCount "103"]
[EventDate "2017.??.??"]
[WhiteTeam "SK Sandhausen"]
[BlackTeam "Club Sah Diana Galati"]

1. e4 c5 2. c3 Nf6 3. e5 Nd5 4. Nf3 Nc6 5. Bc4 Nb6 6. Bb3 c4 7. Bc2 d6 8. exd6
Qxd6 9. O-O Bg4 10. Qe2 e6 11. b3 Qf4 12. Qe3 Bd6 13. d4 Qf6 14. Ng5 Nd5 15.
Ne4 Bxh2+ 16. Kh1 Qe7 17. Qg5 Qxg5 18. Bxg5 cxb3 19. axb3 Bc7 20. Re1 h6 21.
Bc1 b6 22. Ba3 a5 23. Bd3 Na7 24. c4 Nf4 25. Bc2 f5 26. Ng3 Kf7 27. f3 Nd3 28.
Bxd3 Bxg3 29. Re2 Bh5 30. Nd2 Rad8 31. d5 e5 32. Bxf5 Bg6 33. Be6+ Kf6 34. Nf1
Bd3 35. Nxg3 Bxe2 36. Nxe2 Nc8 37. Ng3 Rhe8 38. Re1 g5 39. Bb2 Nd6 40. Ne4+
Nxe4 41. Rxe4 Re7 42. Bxe5+ Kg6 43. Bd4 Rb7 44. Be5 Re8 45. Kg1 Ra7 46. Bd4 Rb8
47. d6 a4 48. bxa4 Rxa4 49. d7 Rb4 50. Be5 Ra8 51. Rd4 Rb1+ 52. Kh2 1-0

[Event "29.Schlosspark-Open"]
[Site "Wiesbaden-Biebrich"]
[Date "2017.08.27"]
[Round "6.41"]
[White "John, Volkmar"]
[Black "Kalepky, Helmut"]
[Result "0-1"]
[WhiteElo "1852"]
[BlackElo "1971"]
[PlyCount "80"]
[EventDate "2017.??.??"]
[WhiteTeam "SK Herborn"]
[BlackTeam "SF Heidesheim"]

1. c4 e5 2. Nc3 Nf6 3. g3 g6 4. Bg2 Bg7 5. e4 d6 6. Nge2 Be6 7. d3 Qd7 8. Nd5
h6 9. O-O c6 10. Nxf6+ Bxf6 11. Be3 Na6 12. Qd2 h5 13. h4 Qe7 14. f4 Bg4 15.
Nc3 Nc7 16. Qf2 Ne6 17. fxe5 Bxe5 18. d4 Bg7 19. d5 Nd8 20. Bxa7 c5 21. Bb6 Bd4
22. Qxd4 cxd4 23. Bxd4 Rf8 24. Bg7 f5 25. Bxf8 Qxf8 26. Rae1 Kd7 27. e5 dxe5
28. Rxe5 Qc5+ 29. Kh2 Qxc4 30. Rfe1 Rxa2 31. Re7+ Kc8 32. d6 Nc6 33. Rc7+ Kd8
34. Nxa2 Qxa2 35. Rxb7 Qa5 36. Re6 f4 37. Rxg6 fxg3+ 38. Kxg3 Qe5+ 39. Kf2 Qf5+
40. Kg1 Qxg6 0-1

[Event "29.Schlosspark-Open"]
[Site "Wiesbaden-Biebrich"]
[Date "2017.08.27"]
[Round "6.42"]
[White "Musiolik, David"]
[Black "Held, Maurice"]
[Result "1-0"]
[WhiteElo "1944"]
[BlackElo "1856"]
[PlyCount "111"]
[EventDate "2017.??.??"]
[WhiteTeam "SC Ramstein"]
[BlackTeam "SC Ladja Roßdorf"]

1. e4 c5 2. Nf3 g6 3. d4 cxd4 4. Nxd4 Bg7 5. Be3 Nc6 6. Nc3 Nf6 7. Be2 Qa5 8.
O-O O-O 9. Kh1 d6 10. f4 Qb6 11. Nxc6 Qxc6 12. Bf3 Qc4 13. g4 Bd7 14. e5 dxe5
15. g5 Bh3 16. gxf6 Bxf6 17. Rf2 exf4 18. Bd5 Qb4 19. Bc1 Bxc3 20. bxc3 Qxc3
21. Bxf4 Bg4 22. Qe1 Qc5 23. Bxb7 Rad8 24. Qe3 Qb5 25. Be4 Rd7 26. Rg1 Be6 27.
Qc3 Bd5 28. Qf3 Bxa2 29. Rg5 f5 30. Bc6 Qxc6 31. Qxc6 Bd5+ 32. Qxd5+ Rxd5 33.
Re2 Kf7 34. Rg3 Re8 35. Rge3 a5 36. Re6 a4 37. Bg5 Rd7 38. Ra6 e5 39. Rxa4 Ke6
40. Bf4 Kf7 41. Bg5 Ke6 42. c4 Rc8 43. Ra6+ Rd6 44. Rxd6+ Kxd6 45. Rd2+ Ke6 46.
Rc2 f4 47. Kg2 h6 48. Bxh6 Kf6 49. h4 Kf5 50. c5 Ke4 51. c6 Kd3 52. Rc1 Ke2 53.
Rc3 Rc7 54. Bg5 f3+ 55. Rxf3 Rxc6 56. Re3+ 1-0

[Event "29.Schlosspark-Open"]
[Site "Wiesbaden-Biebrich"]
[Date "2017.08.27"]
[Round "6.43"]
[White "Junker, Christian"]
[Black "Schubert, Wolfgang"]
[Result "1-0"]
[WhiteElo "1959"]
[BlackElo "1806"]
[PlyCount "139"]
[EventDate "2017.??.??"]
[WhiteTeam "SV Neu-Isenburg"]
[BlackTeam "Wiesbadener SV"]

1. Nf3 d5 2. g3 e6 3. d3 Nf6 4. Bg2 Be7 5. O-O b6 6. Nbd2 Bb7 7. Ne5 Nbd7 8.
Nxd7 Qxd7 9. e4 dxe4 10. dxe4 c5 11. Qe2 O-O 12. a4 Rfe8 13. f4 e5 14. f5 Rac8
15. g4 Qc6 16. c4 Nd7 17. Nb3 f6 18. h4 g6 19. Ra3 Rf8 20. Nd2 Nb8 21. Rf2 Qe8
22. Qe3 Nc6 23. Nf1 Nd4 24. Qh3 a6 25. Bh6 Rf7 26. g5 gxf5 27. exf5 Bxg2 28.
Rxg2 fxg5 29. Ne3 Qd7 30. Nd5 Bd8 31. Bxg5 Kh8 32. Qg3 Qxf5 33. Re3 Bxg5 34.
hxg5 e4 35. Nf6 Nf3+ 36. Kh1 Rd8 37. Nd5 Rg8 38. Qg4 Rxg5 39. Qxf5 Rgxf5 40.
Rg4 Rh5+ 41. Kg2 Ng5 42. Nxb6 Rf3 43. Rgxe4 Nxe4 44. Kxf3 Nd2+ 45. Kg4 Rh1 46.
Rd3 Ne4 47. Kf5 Re1 48. Nd7 Kg7 49. Ne5 h5 50. Rd7+ Kg8 51. Ra7 Nd6+ 52. Kf6 h4
53. Rg7+ Kf8 54. Rh7 Ne4+ 55. Kg6 Nd6 56. Nd7+ Ke8 57. Nf6+ Kd8 58. Rd7+ Kc8
59. Rxd6 Rg1+ 60. Kf5 h3 61. Ng4 Rg2 62. Rxa6 Rxb2 63. Rh6 Rb4 64. Ne5 Rxa4 65.
Rxh3 Kb7 66. Ke6 Ra1 67. Kd5 Re1 68. Rb3+ Kc7 69. Rb5 Rd1+ 70. Kxc5 1-0

[Event "29.Schlosspark-Open"]
[Site "Wiesbaden-Biebrich"]
[Date "2017.08.27"]
[Round "6.44"]
[White "Schindelmeiser, Frank"]
[Black "Sefeloge, Michael"]
[Result "1-0"]
[WhiteElo "1955"]
[BlackElo "1797"]
[PlyCount "67"]
[EventDate "2017.??.??"]
[WhiteTeam "SV Oberursel"]
[BlackTeam "SV Lahnstein"]

1. c4 e6 2. g3 d5 3. Bg2 Nf6 4. Nf3 Be7 5. O-O O-O 6. b3 c6 7. Bb2 Nbd7 8. d4
dxc4 9. bxc4 Qc7 10. Nc3 Nb6 11. Qb3 Bd7 12. e4 Rac8 13. Rfe1 Rfd8 14. Rad1 Bf8
15. Bc1 Be8 16. Bf4 Qe7 17. c5 Na8 18. Bd6 Rxd6 19. cxd6 Qxd6 20. e5 Qb4 21.
exf6 Qxb3 22. axb3 Bb4 23. Re3 Nb6 24. fxg7 Nd5 25. Nxd5 cxd5 26. Bf1 a5 27.
Ne5 Be7 28. Ra1 b6 29. Ree1 Kxg7 30. Rac1 Rxc1 31. Rxc1 f6 32. Rc7 Kf8 33. Nd7+
Kf7 34. Nxb6 1-0

[Event "29.Schlosspark-Open"]
[Site "Wiesbaden-Biebrich"]
[Date "2017.08.27"]
[Round "6.45"]
[White "Kobs, Stephan"]
[Black "Bühler, Severin"]
[Result "1/2-1/2"]
[WhiteElo "1937"]
[BlackElo "1776"]
[PlyCount "97"]
[EventDate "2017.??.??"]
[WhiteTeam "SV Esens"]
[BlackTeam "Heilbronner SV"]

1. e4 c5 2. Nf3 d6 3. Bb5+ Bd7 4. Bxd7+ Qxd7 5. c4 Nc6 6. Nc3 e6 7. d4 cxd4 8.
Nxd4 Nf6 9. O-O Be7 10. b3 a6 11. Be3 O-O 12. f3 Qc7 13. Rc1 Nd7 14. Qd2 Nc5
15. Rfd1 Rfd8 16. Qf2 Bf6 17. Kh1 Ne5 18. Qe2 Nc6 19. f4 Nxd4 20. Bxd4 Bxd4 21.
Rxd4 b6 22. Rcd1 Nb7 23. Qd2 Rac8 24. Rd3 h6 25. f5 Qe7 26. Rg3 Kh7 27. Rf1 Rg8
28. Rh3 g5 29. f6 Qd8 30. Qc2 Rg6 31. e5 dxe5 32. Ne4 Kg8 33. Rd1 Qc7 34. Rf1
Qd8 35. Rd3 Qc7 36. Rfd1 Nc5 37. Nxc5 Qxc5 38. Rd8+ Kh7 39. Qd3 Rxd8 40. Qxd8
Rg8 41. Qd7 Kg6 42. Qd3+ Kxf6 43. Qh7 Qf8 44. Rf1+ Ke7 45. Qe4 Qb8 46. Qh7 Qf8
47. Qe4 Qb8 48. Qh7 Qf8 49. Qe4 1/2-1/2

[Event "29.Schlosspark-Open"]
[Site "Wiesbaden-Biebrich"]
[Date "2017.08.27"]
[Round "6.46"]
[White "Kühn, Matthias"]
[Black "Lanz, Udo"]
[Result "1-0"]
[WhiteElo "1935"]
[BlackElo "1762"]
[PlyCount "43"]
[EventDate "2017.??.??"]
[WhiteTeam "SV Hürth-Berrenrath"]
[BlackTeam "VSG Offenbach"]

1. e4 c5 2. Nc3 g6 3. f4 Bg7 4. Nf3 e6 5. d3 Ne7 6. g3 d5 7. Bd2 O-O 8. Bg2 d4
9. Ne2 b5 10. O-O Bb7 11. g4 Nbc6 12. Ng3 a5 13. h4 c4 14. h5 Rc8 15. a3 Qb6
16. Nh4 Ba6 17. f5 Be5 18. Kh2 Kh8 19. Bh6 Rg8 20. f6 gxh5 21. Bg7+ Rxg7 22.
fxg7+ 1-0

[Event "29.Schlosspark-Open"]
[Site "Wiesbaden-Biebrich"]
[Date "2017.08.27"]
[Round "6.47"]
[White "Pauly, Markus"]
[Black "Li, Maxim"]
[Result "0-1"]
[WhiteElo "1812"]
[BlackElo "1932"]
[PlyCount "120"]
[EventDate "2017.??.??"]
[WhiteTeam "Sfr. Erbach"]
[BlackTeam "Wiesbadener SV"]

1. c4 g6 2. g3 Bg7 3. Bg2 d6 4. Nc3 Nc6 5. e4 e5 6. Nge2 f5 7. d3 Nf6 8. O-O
O-O 9. f3 Be6 10. Be3 Qd7 11. Qd2 a6 12. Nd5 Rab8 13. Kh1 Ne7 14. Rae1 Bxd5 15.
exd5 c6 16. dxc6 bxc6 17. d4 e4 18. fxe4 Nxe4 19. Bxe4 fxe4 20. Rxf8+ Rxf8 21.
d5 cxd5 22. cxd5 Qb5 23. Nf4 g5 24. Ne6 Rf1+ 25. Rxf1 Qxf1+ 26. Bg1 h6 27. Nxg7
Qf3+ 28. Qg2 Kxg7 29. Bd4+ Kf7 30. Qxf3+ exf3 31. g4 Nxd5 32. Kg1 Nb4 33. a3
Nd3 34. h3 Nf4 35. Kh2 Ne2 36. Be3 d5 37. b4 d4 38. Bd2 Nc3 39. h4 Ne4 40. Bc1
d3 41. hxg5 hxg5 42. a4 Ke6 43. b5 axb5 44. axb5 Kd5 45. b6 Kc6 46. Be3 d2 47.
Bxd2 Nxd2 48. b7 Kxb7 49. Kg3 Kc6 50. Kf2 Kd5 51. Ke3 Ne4 52. Kxf3 Kd4 53. Ke2
Nf6 54. Kf3 Kd3 55. Kg3 Ke3 56. Kh3 Kf3 57. Kh2 Nxg4+ 58. Kh3 Ne3 59. Kh2 Kf2
60. Kh3 g4+ 0-1

[Event "29.Schlosspark-Open"]
[Site "Wiesbaden-Biebrich"]
[Date "2017.08.27"]
[Round "6.48"]
[White "Falkenhainer, Sven"]
[Black "Kleehammer, Otto"]
[Result "0-1"]
[WhiteElo "1762"]
[BlackElo "1911"]
[PlyCount "44"]
[EventDate "2017.??.??"]
[WhiteTeam "SC Bergen-Enkheim"]
[BlackTeam "vereinslos"]

1. e4 e5 2. Be2 Nf6 3. d3 Nc6 4. Nc3 Bc5 5. Na4 Be7 6. f4 d5 7. exd5 Nxd5 8.
fxe5 Nxe5 9. Nf3 Ng4 10. g3 Qd6 11. Nc3 Nxc3 12. bxc3 Qc5 13. d4 Qxc3+ 14. Bd2
Qa3 15. O-O Ne3 16. Bxe3 Qxe3+ 17. Kg2 Qh6 18. Re1 O-O 19. c3 Bd6 20. Nh4 Bd7
21. Qb3 Rae8 22. Bc4 Qd2+ 0-1

[Event "29.Schlosspark-Open"]
[Site "Wiesbaden-Biebrich"]
[Date "2017.08.27"]
[Round "6.49"]
[White "Thomele, Michael"]
[Black "Zerhusen, Martin"]
[Result "1/2-1/2"]
[WhiteElo "1908"]
[BlackElo "1731"]
[PlyCount "96"]
[EventDate "2017.??.??"]
[WhiteTeam "SC Obernau"]
[BlackTeam "SV Oberursel"]

1. e4 c6 2. d4 d5 3. Nc3 e6 4. Bd3 dxe4 5. Bxe4 Nf6 6. Bf3 Nbd7 7. Nge2 Be7 8.
Bg5 O-O 9. Qd2 Nb6 10. b3 Nbd5 11. Nxd5 Nxd5 12. Bxe7 Qxe7 13. O-O Rd8 14. c4
Nf6 15. Qe3 Qc7 16. Rac1 Qb6 17. Rfd1 Bd7 18. g4 h6 19. h4 Ne8 20. g5 hxg5 21.
hxg5 g6 22. Kg2 Qc7 23. Rh1 Ng7 24. Rh2 Nf5 25. Qc3 Kg7 26. d5+ e5 27. Rd1 cxd5
28. Rxd5 Re8 29. Rd1 Bc6 30. Bxc6 Qxc6+ 31. f3 Qc5 32. Rd3 Rad8 33. Ng3 Rxd3
34. Nxf5+ gxf5 35. Qxd3 Kg6 36. Qd2 e4 37. Rh6+ Kg7 38. Qc3+ Qe5 39. Qxe5+ Rxe5
40. f4 Rc5 41. Rf6 b5 42. cxb5 Rc2+ 43. Kf1 Rxa2 44. Rxf5 Rb2 45. b6 Rxb3 46.
bxa7 Ra3 47. Re5 Rxa7 48. Rxe4 Ra2 1/2-1/2

[Event "29.Schlosspark-Open"]
[Site "Wiesbaden-Biebrich"]
[Date "2017.08.27"]
[Round "6.50"]
[White "Wunschik, Joachim"]
[Black "Wüst, Michael"]
[Result "1-0"]
[WhiteElo "1762"]
[BlackElo "1907"]
[PlyCount "89"]
[EventDate "2017.??.??"]
[WhiteTeam "SV Rüsselsheim"]
[BlackTeam "PTSV SK Hof"]

1. d4 d6 2. Nc3 Nd7 3. Nf3 e5 4. e4 Ngf6 5. Bg5 Be7 6. dxe5 dxe5 7. a3 O-O 8.
Bd3 c6 9. O-O Qc7 10. Qe2 Nc5 11. Bc4 Bg4 12. h3 Bh5 13. b4 Ncd7 14. g4 Bg6 15.
Nh4 b5 16. Bb3 Rfe8 17. Nf5 Bf8 18. Kg2 a5 19. Rab1 axb4 20. axb4 Rad8 21. Na2
h6 22. Bh4 c5 23. bxc5 Nxc5 24. Bxf6 gxf6 25. Nb4 Ne6 26. Qe1 Nf4+ 27. Kh2 Bxf5
28. gxf5 Bxb4 29. Qxb4 Rd4 30. Qe1 Red8 31. Qe3 Kh7 32. Rg1 Rd3 33. cxd3 Rxd3
34. Qxd3 Nxd3 35. Rg3 Nf4 36. Rbg1 Nh5 37. Rg8 Qc5 38. R1g2 Qc1 39. Bxf7 Qf4+
40. Kh1 b4 41. Bxh5 Qxe4 42. f3 Qb7 43. Rf8 Qc6 44. Bg6+ Kg7 45. Be8+ 1-0

[Event "29.Schlosspark-Open"]
[Site "Wiesbaden-Biebrich"]
[Date "2017.08.27"]
[Round "6.51"]
[White "Stieg, Bastian"]
[Black "Büse, Ralf"]
[Result "1/2-1/2"]
[WhiteElo "1730"]
[BlackElo "1896"]
[PlyCount "36"]
[EventDate "2017.??.??"]
[WhiteTeam "SV Oberursel"]
[BlackTeam "SC Ladja Roßdorf"]

1. c4 e6 2. g3 f5 3. Bg2 Nf6 4. Nc3 d5 5. cxd5 exd5 6. d4 c6 7. Bg5 Be7 8. Bxf6
Bxf6 9. e3 O-O 10. Nge2 Be7 11. Nf4 Bd6 12. Nd3 Nd7 13. O-O Nf6 14. Rc1 Qe7 15.
a3 Ne4 16. Na4 Bd7 17. Nac5 Be8 18. Re1 g5 1/2-1/2

[Event "29.Schlosspark-Open"]
[Site "Wiesbaden-Biebrich"]
[Date "2017.08.27"]
[Round "6.52"]
[White "Ziegler, Jörg"]
[Black "Launert, Martin"]
[Result "0-1"]
[WhiteElo "1724"]
[BlackElo "1894"]
[PlyCount "132"]
[EventDate "2017.??.??"]
[WhiteTeam "BKA Wiesbaden"]
[BlackTeam "Sfr. Erbach"]

1. e4 e5 2. Nf3 Nc6 3. Bb5 a6 4. Ba4 Nf6 5. d3 b5 6. Bb3 Be7 7. c3 d6 8. h3 O-O
9. O-O Na5 10. Bc2 c5 11. Re1 Nc6 12. Nbd2 Qc7 13. Nf1 Re8 14. Ng3 h6 15. Bd2
Be6 16. a3 a5 17. Nh2 d5 18. exd5 Nxd5 19. c4 bxc4 20. dxc4 Nf6 21. b3 Nd4 22.
Nf3 Nxc2 23. Qxc2 Nd7 24. Bc3 f6 25. Qg6 Nf8 26. Qc2 Bf7 27. Rad1 Bg6 28. Qb2
Red8 29. Nh4 Bh7 30. Nhf5 Rxd1 31. Rxd1 Kf7 32. Rd5 Ne6 33. Nxe7 Qxe7 34. Qd2
Nd4 35. b4 axb4 36. axb4 Rd8 37. Rxd8 Qxd8 38. b5 Ke6 39. f3 f5 40. Qa2 Qb8 41.
Qa6+ Kd7 42. Kf2 e4 43. Nh5 e3+ 44. Kg1 Ne2+ 45. Kf1 Nxc3 46. Qc6+ Kd8 47. Qxc5
Bg6 48. Qd4+ Kc8 49. Nf4 Bf7 50. Ne2 Nxe2 51. Kxe2 Qc7 52. c5 Qd7 53. Qxd7+
Kxd7 54. Kxe3 Bc4 55. Kf4 Bxb5 56. Kxf5 Bd3+ 57. Ke5 Bf1 58. g3 Bxh3 59. f4 Bg4
60. f5 h5 61. Kf4 Kc6 62. Kg5 Kxc5 63. Kg6 Kd5 64. Kxg7 Bxf5 65. Kh6 Bg4 66.
Kg5 Ke4 0-1

[Event "29.Schlosspark-Open"]
[Site "Wiesbaden-Biebrich"]
[Date "2017.08.27"]
[Round "6.53"]
[White "Schwenk, Stefan"]
[Black "Schmid, Eugen"]
[Result "1-0"]
[WhiteElo "1640"]
[BlackElo "2024"]
[PlyCount "71"]
[EventDate "2017.??.??"]
[WhiteTeam "TuS Dotzheim"]
[BlackTeam "SV Herrenberg"]

1. c4 Nf6 2. g3 e6 3. Bg2 Be7 4. d4 d5 5. cxd5 exd5 6. Nc3 O-O 7. e3 c6 8. Nge2
Bf5 9. O-O Nbd7 10. a3 Re8 11. Bd2 Bd6 12. Rc1 Qe7 13. Re1 a5 14. f3 b5 15. e4
dxe4 16. Nf4 e3 17. Rxe3 Qf8 18. Nd3 Bxd3 19. Rxd3 b4 20. axb4 axb4 21. Ne4 c5
22. Nxd6 Qxd6 23. Bf4 Qb6 24. Kh1 Rac8 25. dxc5 Rxc5 26. Rxc5 Qxc5 27. Bd6 Qb5
28. Bf1 Qb6 29. Kg2 Qb7 30. h3 Qb6 31. Rb3 Nc5 32. Qd4 Rd8 33. Bxc5 Rxd4 34.
Bxb6 Rd2+ 35. Kg1 Nd5 36. Bc5 1-0